000 00499cam a22001337a 4500
008 180718b1972 xxu||||| |||| 00| 0 eng d
082 _aN1207 B899
245 _aOrganization of logistic support systems: the proceedings of a conference held in Luxmembourg under the aegis of theNATO Scientific Affairs Committee
_cedited by R. Bureau
260 _aLondon
_bEnglish University Press
_c1972
300 _a593p.
650 _aLogistics
650 _aArmy - Equipment and supplies
700 _aBereau, R.
999 _c343004
_d343004